Sonic The Hedgehog Games - Updated - Statistics

General Stats
  • This quiz has been taken 948 times
    407 since last reset
  • The average score is 38 of 67
Answer Stats
Hint Answer % Correct
Sega Genesis 1991 Sonic The Hedgehog
100%
Sega Genesis 1992 Sonic The Hedgehog 2
96%
Game Gear/Master System 1992 Sonic The Hedgehog 2 (Game Gear)
96%
Sega Genesis 1994 Sonic The Hedgehog 3
94%
Sega Saturn 1997 Sonic R
88%
Sega CD 1993 Sonic The Hedgehog CD
87%
Sega Dreamcast 1998 Sonic Adventure
85%
Sega Dreamcast/Nintendo Gamecube 2001 Sonic Adventure 2
83%
Nintendo Wii/DS 2010 Sonic Colors
80%
Nintendo Switch/PS4+5/Xbox Series/PC 2022 Sonic Frontiers
79%
Xbox 360/PS3 2006 Sonic The Hedgehog 2006/Sonic 06
79%
PS2/PS3/Wii/Xbox 360 2008 Sonic Unleashed
79%
Xbox 360/PS3/Nintendo DS/Windows 2011 Sonic Generations
76%
Nintendo Switch/PS4/Windows/Xbox One 2017 Sonic Forces
75%
Game Boy Advance 2001 Sonic Advance
74%
Sega Genesis 1994 Sonic and Knuckles
73%
Nintendo Wii 2009 Sonic and the Black Knight
73%
Nintendo Gamecube/PS2/Xbox 2005 Shadow the Hedgehog
72%
Game Boy Advance 2002 Sonic Advance 2
72%
Game Boy Advance 2004 Sonic Advance 3
70%
Nintendo Gamecube/PS2/Xbox 2003 Sonic Heroes
70%
Nintendo DS 2005 Sonic Rush
70%
Nintendo Wii 2007 Sonic and the Secret Rings
69%
Nintendo Switch/PS4/Xbox One 2017 Sonic Mania
67%
Nintendo Wii U/3DS 2013 Sonic Lost World
65%
Game Gear/Master System 1991 Sonic The Hedgehog (Game Gear)
63%
Switch 1+2, PS4, PS5, Xbox One, Xbox X/S 2025 Sonic Racing: Crossworlds
62%
Sega 32X 1995 Knuckles Chaotix
60%
Nintendo Gamecube/PS2/Xbox/Windows 2006 Sonic Riders
60%
Sega Genesis/Sega Saturn 1996 Sonic 3D Blast
59%
Nintendo DS 2007 Sonic Rush Adventure
58%
Nintendo Switch/PS4+5/Xbox Series/PC 2023 Sonic Superstars
57%
PlayStation Portable 2006 Sonic Rivals
55%
PS2/Wii 2008 Sonic Riders: Zero Gravity
53%
Nintendo Wii U 2014 Sonic Boom: Rise of Lyric
52%
PlayStation Portable 2007 Sonic Rivals 2
52%
PS4/Xbox One/Nintendo Switch/Windows 2019 Team Sonic Racing
51%
Switch 1+2/PS4/Xbox One/PS5/Xbox X/S 2024 Shadow Generations
50%
Game Gear 1996 Sonic Blast/G Sonic
50%
Nintendo 3DS 2016 Sonic Boom: Fire & Ice
50%
Game Gear 1994 Sonic Triple Trouble
50%
Game Gear 1995 Tails Adventure
50%
Game Gear/Master System 1993 Sonic Chaos/Sonic and Tails
49%
Nintendo Wii 2007 Mario & Sonic at the Olympic Games
48%
Sega Dreamcast 2000 Sonic Shuffle
48%
Sega Genesis 1993 Sonic The Hedgehog Spinball
48%
Sega Game Gear 1994 Sonic Drift
47%
Game Boy Advance 2004 Sonic Battle
47%
Xbox 360 2010 Sonic Free Riders
47%
Apple Arcade(iOS,MacOS,tvOS) 2023 Sonic Dream Team
43%
Game Gear 1995 Sonic Drift 2
42%
PSN/XBLA 2010 Sonic The Hedgehog 4: Episode 1
42%
PSN/XBLA 2012 Sonic The Hedgehog 4: Episode 2
42%
Game Gear 1995 Tail's Skypatrol
42%
Nintendo DS/PS3/Windows/Wii/Xbox 360 2010 Sonic and Sega All-Stars Racing
41%
Nintendo DS 2008 Sonic Chronicles: The Dark Brotherhood
39%
Sega Genesis/Game Gear 1993 Dr. Robotnik's Mean Bean Machine
38%
Nintendo 3DS 2014 Sonic Boom: Shattered Crystal
36%
Game Gear 1995 Sonic Labyrinth
31%
PS3/Xbox 360/Wii U/PS Vita 2012 Sonic & All-Stars Racing Transformed
29%
Game Boy Advance 2003 Sonic Pinball Party
28%
Neo Geo Pocket Color 1999 Sonic The Hedgehog Pocket Adventure
28%
Nintendo Wii/DS 2009 Mario & Sonic at the Winter Olympic Games
24%
Nintendo Wii 2011 Mario & Sonic at the London 2012 Olympic Games
20%
Nintendo Switch 2019 Mario & Sonic at the Olympic Games Tokyo 2020
15%
Nintendo Wii U 2016 Mario & Sonic at the Rio 2016 Olympic Games
15%
Nintendo Wii U 2013 Mario & Sonic at the Sochi 2014 Olympic Winter Games
11%
No matching quizzes found
Score Distribution
Percent of People with Each Score
Percentile by Number Answered
Your Score History
You have not taken this quiz since the last reset